|
|
|
|
| LEADER |
00834nam a22002297a 4500 |
| 001 |
AAL8976 |
| 003 |
BD-DhAAL |
| 005 |
20171017102524.0 |
| 008 |
171017s 2007B ||||| |||| 00| 0 eng d |
| 999 |
|
|
|c 38431
|d 38431
|
| 020 |
|
|
|a 9789843416353
|
| 040 |
|
|
|a BD-DhAAL
|c BD-DhAAL
|
| 082 |
|
|
|a 304.8/0954
|
| 245 |
|
|
|a Untold stories of migrants :
|b dreams and realities /
|c edited by Taneem Siddiqui.
|
| 260 |
|
|
|a Dhaka :
|b Refugee and Migratory Movements Research Unit,
|c 2017.
|
| 300 |
|
|
|a xiii,134 p. ;
|c 21 cm.
|
| 541 |
|
|
|e 8976
|
| 650 |
|
|
|a Emigration and immigration.
|9 22511
|
| 700 |
|
|
|a Siddiqui,Taneem
|9 22512
|
| 852 |
|
|
|a Savar Campus Library
|c General Shelf
|
| 942 |
|
|
|2 ddc
|c BK
|
| 952 |
|
|
|0 0
|1 0
|2 ddc
|4 0
|6 304_800000000000000_0954_UNT
|7 0
|9 61580
|a SCL
|b SCL
|c GEN
|d 2017-10-17
|l 0
|o 304.80954 UNT
|p 3020008976
|r 2017-10-17
|t 1
|w 2017-10-17
|y BK
|